Política criminal y blanqueo de capitales (Registro nro. 2209)

Detalles MARC
000 -Cabecera
Campo de control de longitud fija 00869aam a2200313 4500
005 - Fecha y hora de la última transacción
Campo de control 20260303175215.0
008 - Elementos de longitud fija--Información general
Campo de control de longitud fija 150522b2009 xxu||||| |||| 00| 0 spa d
020 ## - International Standard Book Number
Número Internacional Estándar del Libro (ISBN) 9788497686228
041 ## - Idioma
Código de idioma Español
082 ## - Clasificación Decimal Dewey
Número de clasificación 364.106 B165p
100 ## - Entrada principal--Autor personal
Nombre personal Bajo Fernández,Miguel
9 (RLIN) 19088
100 ## - Entrada principal--Autor personal
Nombre personal Bacigalupo, Silvina
9 (RLIN) 19089
245 ## - Título propiamente dicho
Título Política criminal y blanqueo de capitales
260 ## - Pie de imprenta
Lugar de publicación, distribución, etc. España
260 ## - Pie de imprenta
Nombre del editor, distribuidor, etc. Marcial Pons
260 ## - Pie de imprenta
Fecha de publicación, distribución, etc. 2009
300 ## - Descripción física
Extensión 252 páginas
490 ## - Serie
Título de la Serie Investigación Criminal
650 ## - Materia general
Temática (materia general) NARCOTRÁFICO
650 ## - Materia general
Temática (materia general) LAVADO DE DINERO
650 ## - Materia general
Temática (materia general) BLANQUEO DE CAPITALES
650 ## - Materia general
Temática (materia general) LEGISLACIÓN PENAL
650 ## - Materia general
Temática (materia general) BIEN JURÍDICO
650 ## - Materia general
Temática (materia general) PARTICIPACIÓN DEL DELITO
650 ## - Materia general
Temática (materia general) PREVENCIÓN DEL BLANQUEO DE CAPITALES
650 ## - Materia general
Temática (materia general) MEDIDAS ADMINISTRATIVAS
650 ## - Materia general
Temática (materia general) POLÍTICA CRIMINAL
942 ## - Punto de acceso adicional KOHA
Tipo de ítem KOHA Libro
Fuente del sistema de clasificación o colocación Dewey Decimal Classification
Existencias
Signatura completa Código de barras Programa Académico Tipo de ítem
364.106 B165p 14995 Investigación Criminal Libro